Candidats de Loft Story (Saison 1 et 2) - Statistiques

Statistiques générales
  • Ce quiz a été pris 199 fois
  • Le résultat moyen est 15 sur 26
Statistiques - réponses
Saison Candidat % Correct
Saison 1 Loana
99%
Saison 1 Jean-Edouard
80%
Saison 1 Kenza
79%
Saison 1 Laure
78%
Saison 1 Julie
76%
Saison 1 Christophe
75%
Saison 1 Steevy
72%
Saison 1 David
63%
Saison 2 David
63%
Saison 1 Aziz
60%
Saison 1 Delphine
58%
Saison 2 Kamel
55%
Saison 1 Kimy
55%
Saison 2 Thomas
55%
Saison 1 Fabrice
54%
Saison 2 Lesly
46%
Saison 1 Philippe
46%
Saison 2 Angela
44%
Saison 2 Félicien
43%
Saison 2 Karine
41%
Saison 2 Sandra
41%
Saison 2 Julia
36%
Saison 2 Marlène
36%
Saison 2 Romain
35%
Saison 2 William
33%
Saison 2 Lauryne
31%
Aucun quiz correspondant
Distribution des résultats
% des personnes avec chaque résultat
Percentile par nombre de réponses
Votre historique - résultats
Vous n’avez pas pris ce quiz